• 首页
  • 本馆介绍
  • 公告通知
  • 最新文献
  • 馆藏检索
  • 电子资源
  • 读者导购
  • 参考咨询
  • 我的图书馆
  • 登录
  • 详细信息显示
  • 放入我的书架
  • 预约/预借图书
  • 作者相关作品
  • 分类相关作品
  • 丛书相关作品
  • 出版社相关作品

书目信息

  • 表格格式
  • 工作单格式
  • 卡片格式
题名:
大学语文选讲
    
 
作者: ;上海大学语文教学协作组 , 华东师范大学出版社编辑部 编辑
分册:  
出版信息: 上海   华东师范大学出版社  1984
页数: 492页
开本: 21cm
丛书名:
单 册:
中图分类: H1
科图分类:
主题词: 语文--高等学校--教材
电子资源:
ISBN:
000 00783nam0 2200241 45
001 0184002931
005 20060809172126.46
010    @dCNY2.10
091    @aCN@b7135.118
100    @a19950530d1984 em y0chiy0121 ea
101 0  @achi
102    @aCN@b310000
105    @ay z 000yy
200 10 @a大学语文选讲@Ada xue yu wen xuan jiang@f华东师范大学出版社编辑部,上海《大学语文》教学协作组编辑
210    @a上海@c华东师范大学出版社@d1984
215    @a492页@d21cm
606    @a语文@x高等学校@x教材
690    @aH1@v3
711 02 @a上海大学语文教学协作组@Ashang hai da xue yu wen jiao xue xie zuo zu@4编辑
711 02 @a华东师范大学出版社编辑部@Ahua dong shi fan da xue chu ban she bian ji bu@4编辑
801  2 @aCN@bNLC@c20060809
801  0 @aCN@bTSSF
905    @a10447@dH1@e102
    
    大学语文选讲/华东师范大学出版社编辑部,上海《大学语文》教学协作组编辑.-上海:华东师范大学出版社,1984
    492页;21cm
    
    
    ISBN :CNY2.10
    
●
相关链接 在E读中查询图书 在五车中查询图书 在当当中查询图书 在豆瓣中查询图书


正题名:大学语文选讲     索取号:H1/102         预约/预借

序号 登录号 条形码 馆藏地/架位号 状态 备注
1 0450688   204506882   密集书库/ [索取号:H1/102] 在馆    
2 0450689   204506891   密集书库/ [索取号:H1/102] 在馆    
3 0450690   204506908   密集书库/ [索取号:H1/102] 在馆    
唐山师范学院图书馆 欢迎您!
大连网信软件有限公司© 版权所有